000 00515cam a2200205Ia 4500
020 _a0124735428
020 _a0124735436 (pbk.)
040 _cEQF
082 _a631 ACA 1995 A054 Or.
100 1 _aMarschner, Horst
245 1 0 _aMineral nutrition of higher plants /
250 _a2nd ed
260 _aLondon ;
_aSan Diego :
_bAcademic Press,
_c1995
300 _axv, 889 p. :
_bill. ;
_c25 cm
500 _aIncludes index
650 0 _aCrops
650 0 _aSoil mineralogy
650 0 _aPlants
942 _cEK
999 _c15064
_d15064